000 00303nam a2200133Ia 4500
008 220104s9999 xx 000 0 und d
100 _aAchaya K T
245 0 _aRubber seed oils
520 _a(citn only)
650 _aRubber seed
650 _aRubber seed oils
700 _aSeavel A J
942 _cBE
999 _c47563
_d47563